Metabolism of arsenic by sheep chronically exposed to arsenosugars as a normal part of their diet. 1. Quantitative intake, uptake, excretion /

সংরক্ষণ করুন:
গ্রন্থ-পঞ্জীর বিবরন
অন্যান্য লেখক: Feldmann, J., Francesconi, K. A., Hansen, H. R., Raab, A.
বিন্যাস: প্রবন্ধ
ভাষা:English
বিষয়গুলি:
ট্যাগগুলো: ট্যাগ যুক্ত করুন
কোনো ট্যাগ নেই, প্রথমজন হিসাবে ট্যাগ করুন!
Thư viện lưu trữ: Thư viện Trường Đại học Đà Lạt
LEADER 00960nam a2200313 4500
001 DLU090093542
005 ##20091201
040 # # |a DLU  |b eng 
041 # # |a eng 
044 # # |a us 
245 # # |a Metabolism of arsenic by sheep chronically exposed to arsenosugars as a normal part of their diet. 1. Quantitative intake, uptake, excretion /  |c H. R. Hansen ... [et al.]. 
653 # # |a Arsenic 
653 # # |a Coastal zone 
653 # # |a Metabolism 
653 # # |a Poison 
700 # # |a Feldmann, J. 
700 # # |a Francesconi, K. A. 
700 # # |a Hansen, H. R. 
700 # # |a Raab, A. 
773 # # |t Environmental Science & Technology  |g Vol. 37, no. 5 (March 2003), p. 845-851 
920 # # |a Phòng Tạp chí -- Trung tâm Thông tin - Thư viện Trường Đại học Đà Lạt 
994 # # |a DLU 
900 # # |a True 
911 # # |a Trương Bảo Trâm Anh 
925 # # |a G 
926 # # |a A 
927 # # |a BB 
980 # # |a Thư viện Trường Đại học Đà Lạt